000 01331cam a2200337 a 4500
001 2938
005 20250827150329.0
020 _a0439513626
040 _aUWB
_cUWB
_dDLC
_beng
050 0 0 _aF379.N59
_b2003
082 0 0 _a397.2
100 1 _aBridges, Ruby
245 1 0 _aLet's read about...Ruby Bridges /
_cby Ruby Bridges and Grace Maccarone ; illustrated by Cornelius Van Wright and Ying-Hwa Hu.
246 3 _aRuby Bridges
250 _aFirst printing , February 2003
260 _aNew York :
_bScholastic,
_c2003
300 _a29 unnumbered pages :
_bcolor illustrations ;
_c24 cm.
490 _aScholastic First Biographies
500 _a"Cartwheel books"--Cover.
505 _aJ
520 _aRuby Bridges was born during the time of segregation in the South. In 1960, she made history when she attended an all-white school. Follow her story and learn why we still celebrate her courage today.
521 _a490
_bLexile
521 _aJ
_bRaz-Plus
650 0 _aSchool integration
_zLouisiana
_zNew Orleans
_vJuvenile literature.
650 0 _aAfrican Americans
_zLouisiana
_zNew Orleans
_vBiography
_vJuvenile literature.
700 1 _aMaccarone, Grace.
700 1 _aVan Wright, Cornelius.
700 1 _aHu, Ying-Hwa.
906 _a7
_bcbc
_ccopycat
_d2
_encip
_f20
_gy-gencatlg
942 _2ddc
_cBK
_n0
999 _c2938
_d2938